000 00327nam a2200145Ia 4500
008 150201s2005 xx 000 0 und d
082 _a618
_bM2005D
100 _aDAFTARY
245 _aMANUAL OF OBSTETRICS
250 _a2ND
260 _bELSEVIER
_aDELHI
_c2005
300 _a1-730
650 _aGYNAECOLOGY
942 _2ddc
_cBK
999 _c3921
_d3921